000 01222nam2a2200229 4500
001 rc\3026796
005 20260315064926.0
035 _a(NLR Aleph) 007168069
090 _a13620245
_c13620245
100 _a20110929d1940 u y0rusy50 ca
101 0 _arus
102 _aRU
105 _ay z |||||
200 0 _aВып. 1
210 _d1940
215 _a60 с.
461 0 _1001rc\3026795
_12000#$aКак пользоваться орфографическими таблицами$eМетод. указания для учителей нач. школ. Вып. 1-$fМ.Н. Петерсон, Н.С. Поздняков, В.Г. Поляков$vВып. 1
_1700#1$aПетерсон$bМ.Н.$gМихаил Николаевич$f1885-
_97317455
_aПетерсон, М.Н. (1885-)
_cМосква
_d1940
_e6-е изд., испр. и доп.
_fМ.Н. Петерсон, Н.С. Поздняков, В.Г. Поляков
_nУчпедгиз
_oМетод. указания для учителей нач. школ. Вып. 1-
_tКак пользоваться орфографическими таблицами
_vВып. 1
801 0 _aRU
_bNLR
_gpsbo
801 1 _aRU
_bELAR
_2rusmarc
852 _aNLR
_j40-17/11(1)
942 _cUNSPEC
980 _aNB